[Event "Champ FRA - Under 12"]
[Site "Europe Echecs"]
[Date "2020.07.08"]
[Round "1"]
[White "CabasseLoiseau"]
[Black "GrisoniEmma"]
[Result "0-1"]
[WhiteElo "999"]
[BlackElo "1273"]
[PlyCount "68"]
[EventDate "2020.??.??"]

1. e4 c5 2. Nf3 Nc6 3. Nc3 d6 4. Bb5 Bd7 5. Bxc6 Bxc6 6. d3 g6 7. Bd2 Bg7 8.
O-O Nf6 9. a3 O-O 10. Rb1 a5 11. Bg5 b5 12. Bxf6 Bxf6 13. Ne2 b4 14. axb4 axb4
15. b3 Qc7 16. Rc1 Ra6 17. Qd2 Bg7 18. h3 Rfa8 19. Rfd1 Qb7 20. c3 Ra2 21. Rc2
Rxc2 22. Qxc2 bxc3 23. Nxc3 Ra3 24. Rb1 Qb4 25. Ne2 Bd7 26. g3 Bxh3 27. Ng5 Bg4
28. Kf1 h6 29. Nxf7 Kxf7 30. Nf4 Be6 31. Nxe6 Kxe6 32. Qc4+ Qxc4 33. bxc4 Rxd3
34. Ke2 Ra3 {CabasseLoiseau a abandonné} 0-1

[Event "Champ FRA - Under 12"]
[Site "Europe Echecs"]
[Date "2020.07.08"]
[Round "1"]
[White "MenceEline"]
[Black "DumasGustave"]
[Result "1-0"]
[WhiteElo "1264"]
[BlackElo "999"]
[PlyCount "157"]
[EventDate "2020.??.??"]

1. d4 d5 2. e3 Nf6 3. Bd3 Nc6 4. f4 Bg4 5. Nf3 e6 6. c3 Ne4 7. O-O Be7 8. Nbd2
Nxd2 9. Bxd2 O-O 10. Qe1 Re8 11. Ne5 Nxe5 12. fxe5 h6 13. e4 dxe4 14. Bxe4 c6
15. Qg3 h5 16. h3 Bh4 17. Qd3 f5 18. exf6 Bf5 19. f7+ Kxf7 20. Bxf5 exf5 21.
Qxf5+ Qf6 22. Qd7+ Re7 23. Rxf6+ gxf6 24. Qf5 Rh8 25. Rf1 Re2 26. Bg5 Bxg5 27.
Qxg5 Re6 28. Qd2 Rd8 29. Re1 c5 30. Rxe6 Kxe6 31. Qe3+ Kd5 32. dxc5 Kc6 33.
Qe6+ Kxc5 34. Qxf6 Rd1+ 35. Kh2 Ra1 36. Qd4+ Kc6 37. Qxa7 h4 38. a3 Rb1 39. b4
b6 40. Qh7 Rb3 41. Qg6+ Kb5 42. Qf5+ Ka4 43. Qf4 Rxc3 44. Qxh4 Kxa3 45. Qd4 Rc6
46. Qd3+ Kxb4 47. Qd2+ Kb5 48. Qd5+ Rc5 49. Qd3+ Rc4 50. g4 Kb4 51. Qd2+ Rc3
52. g5 Kb3 53. Qd5+ Kb2 54. Qg2+ Rc2 55. Qxc2+ Kxc2 56. g6 b5 57. g7 b4 58.
g8=Q b3 59. Qxb3+ Kxb3 60. Kg3 Kc4 61. Kg4 Kd5 62. Kg5 Ke6 63. Kg6 Ke7 64. Kg7
Ke6 65. h4 Kf5 66. h5 Kg5 67. h6 Kf5 68. h7 Kg5 69. h8=Q Kf5 70. Qf8+ Ke4 71.
Qf6 Ke3 72. Qf5 Ke2 73. Qf4 Ke1 74. Qh2 Kd1 75. Kf6 Kc1 76. Ke5 Kb1 77. Kd4 Ka1
78. Kc3 Kb1 79. Qb2# {DumasGustave est échec et mat} 1-0

[Event "Champ FRA - Under 12"]
[Site "Europe Echecs"]
[Date "2020.07.08"]
[Round "1"]
[White "GleyzeLalie"]
[Black "DarrortNahia"]
[Result "0-1"]
[WhiteElo "999"]
[BlackElo "1263"]
[PlyCount "42"]
[EventDate "2020.??.??"]

1. Nc3 e5 2. e4 Nf6 3. Nf3 Nc6 4. d4 exd4 5. Na4 Nxe4 6. Qxd4 Nxd4 7. Nxd4 Nf6
8. Nc5 Bxc5 9. Nb5 Qe7+ 10. Kd1 Bb6 11. Bg5 a6 12. Nxc7+ Bxc7 13. a4 Bd6 14.
Ra3 Bxa3 15. b4 Bxb4 16. c4 Qe1+ 17. Kc2 Ne4 18. Kb2 Qc3+ 19. Kb1 Nd2+ 20. Ka2
Qb3+ 21. Ka1 Bc3# {GleyzeLalie est échec et mat} 0-1

[Event "Champ FRA - Under 12"]
[Site "Europe Echecs"]
[Date "2020.07.08"]
[Round "1"]
[White "LinJacky"]
[Black "GluckPhileas"]
[Result "0-1"]
[WhiteElo "1262"]
[BlackElo "999"]
[PlyCount "90"]
[EventDate "2020.??.??"]

1. e4 e5 2. Nf3 Nc6 3. Bb5 Nf6 4. Qe2 Bc5 5. c3 d6 6. O-O Bg4 7. h3 Bh5 8. a4
O-O 9. b4 a6 10. Bxc6 bxc6 11. bxc5 dxc5 12. g4 Bg6 13. Nxe5 Bxe4 14. g5 Bd3
15. Qxd3 Nh5 16. Qxd8 Raxd8 17. Nxc6 Rd6 18. Ne7+ Kh8 19. Ba3 Re6 20. Bxc5 Nf4
21. Ng6+ Nxg6 22. Bxf8 Nxf8 23. d4 Rg6 24. f4 Ne6 25. h4 Nxf4 26. Rxf4 h6 27.
Rxf7 hxg5 28. h5 Rh6 29. Nd2 Rxh5 30. Re1 g4 31. Ree7 Rg5 32. Ne4 Rg6 33. Re8+
Kh7 34. Rff8 Kh6 35. Re5 Kh7 36. Rh5+ Rh6 37. Rxh6+ Kxh6 38. Rc8 a5 39. Rxc7 g5
40. d5 Kg6 41. d6 Kf5 42. d7 Kxe4 43. d8=Q g3 44. Re7+ Kf4 45. Qd4+ Kf3 {
LinJacky a perdu au temps} 0-1

[Event "Champ FRA - Under 12"]
[Site "Europe Echecs"]
[Date "2020.07.08"]
[Round "1"]
[White "LagrangePereir"]
[Black "OstrovskiyVova"]
[Result "0-1"]
[WhiteElo "999"]
[BlackElo "1260"]
[PlyCount "146"]
[EventDate "2020.??.??"]

1. d4 d5 2. Bf4 Bf5 3. Nf3 Nf6 4. Nc3 c6 5. e3 e6 6. Bd3 Bxd3 7. cxd3 Qa5 8.
O-O Bb4 9. Ne2 Nbd7 10. a3 Be7 11. b4 Qd8 12. Nc3 O-O 13. Ne5 Nxe5 14. Bxe5 Bd6
15. Bxd6 Qxd6 16. e4 dxe4 17. dxe4 e5 18. dxe5 Qxe5 19. Ne2 Rad8 20. Qc2 Nxe4
21. Rfe1 Nf6 22. Ng3 Qd4 23. Nf5 Qd2 24. Qb3 Rfe8 25. Rxe8+ Rxe8 26. g3 Re1+
27. Rxe1 Qxe1+ 28. Kg2 Qe4+ 29. Qf3 g6 30. Qxe4 Nxe4 31. Ne7+ Kf8 32. Nc8 a6
33. Kf3 Nd2+ 34. Ke3 Nc4+ 35. Kd3 Nxa3 36. Kc3 Ke8 37. Nd6+ Kd7 38. Nxb7 Nb5+
39. Kc4 Nd6+ 40. Nxd6 Kxd6 41. h4 f5 42. Kd4 c5+ 43. bxc5+ Kc6 44. Kc4 a5 45.
f3 a4 46. Kb4 a3 47. Kxa3 Kxc5 48. Kb3 Kd4 49. g4 Ke3 50. gxf5 gxf5 51. Kc4
Kxf3 52. Kd4 Kg4 53. Ke5 f4 54. Ke4 Kg3 55. Kd3 Kg2 56. Ke4 f3 57. Kf5 f2 58.
Kg5 f1=Q 59. Kh6 Qf4+ 60. Kxh7 Qxh4+ 61. Kg6 Qf4 62. Kg7 Qf5 63. Kg8 Qg5+ 64.
Kf7 Qe5 65. Kg6 Kf3 66. Kf7 Qd6 67. Kg7 Qe6 68. Kh7 Qf6 69. Kg8 Qe7 70. Kh8 Kg4
71. Kg8 Kg5 72. Kh8 Kg6 73. Kg8 Qg7# {LagrangePereir est échec et mat} 0-1

[Event "Champ FRA - Under 12"]
[Site "Europe Echecs"]
[Date "2020.07.08"]
[Round "1"]
[White "SabeFlavio"]
[Black "LetouxneeceTra"]
[Result "1-0"]
[WhiteElo "1259"]
[BlackElo "999"]
[PlyCount "55"]
[EventDate "2020.??.??"]

1. d4 d5 2. Nc3 Nf6 3. Bf4 Nc6 4. Nb5 Rb8 5. Bxc7 Qd7 6. Bxb8 e6 7. Bxa7 Nb4 8.
e3 Qc6 9. c3 Na6 10. Bc5 Nxc5 11. dxc5 Qxc5 12. Qd4 Qxd4 13. Nxd4 Bc5 14. Bb5+
Nd7 15. Ngf3 Kd8 16. O-O Nf6 17. b4 Ne4 18. bxc5 Nxc5 19. a4 Bd7 20. Bxd7 Nxd7
21. Rab1 Nb8 22. Rxb7 Kc8 23. Rfb1 Na6 24. Rxf7 Rg8 25. Nc6 Nc5 26. Ne7+ Kd7
27. Nxg8+ Kd6 28. Rb6# {LetouxneeceTra est échec et mat} 1-0

[Event "Champ FRA - Under 12"]
[Site "Europe Echecs"]
[Date "2020.07.08"]
[Round "1"]
[White "MayJoani"]
[Black "LeNeindreYael"]
[Result "0-1"]
[WhiteElo "999"]
[BlackElo "1258"]
[PlyCount "60"]
[EventDate "2020.??.??"]

1. e4 e5 2. Nf3 Nf6 3. Nc3 Bb4 4. Nd5 Nxd5 5. exd5 d6 6. c3 Bc5 7. d4 exd4 8.
Nxd4 O-O 9. Be3 Re8 10. Qd2 Bg4 11. Be2 Bxe2 12. Nxe2 Nd7 13. Bxc5 Nxc5 14.
O-O-O Ne4 15. Qf4 Qd7 16. Rd4 Nf6 17. h3 Rxe2 18. Rd2 Rxd2 19. Kxd2 h6 20. g4
Re8 21. Qb4 Ne4+ 22. Kd3 Nxf2+ 23. Kd2 Nxh1 24. Qxb7 Nf2 25. Qxa7 Nxh3 26. Qd4
Ng5 27. Qf4 Qb5 28. Kc2 Re2+ 29. Kd1 Qd3+ 30. Kc1 Re1# {MayJoani est échec et
mat} 0-1

[Event "Champ FRA - Under 12"]
[Site "Europe Echecs"]
[Date "2020.07.08"]
[Round "1"]
[White "TroadecMelusin"]
[Black "MekdachiMathie"]
[Result "0-1"]
[WhiteElo "1251"]
[BlackElo "999"]
[PlyCount "90"]
[EventDate "2020.??.??"]

1. e4 c6 2. d4 d5 3. e5 e6 4. Nc3 c5 5. Bb5+ Bd7 6. Bxd7+ Nxd7 7. Nb5 Qb6 8. a4
a6 9. Nc3 cxd4 10. Nce2 Nxe5 11. Nxd4 Bc5 12. Be3 Nc6 13. Ngf3 Bxd4 14. Nxd4
Nge7 15. b3 O-O 16. Nxe6 Qb4+ 17. Qd2 fxe6 18. Qxb4 Nxb4 19. O-O Nxc2 20. Rac1
Nxe3 21. fxe3 Rac8 22. Rxf8+ Kxf8 23. Rxc8+ Nxc8 24. Kf2 b5 25. axb5 axb5 26.
Ke2 Nd6 27. Kd3 e5 28. g3 b4 29. g4 Nb5 30. h3 e4+ 31. Kd2 d4 32. h4 d3 33. h5
Kf7 34. g5 h6 35. gxh6 gxh6 36. Ke1 Kf6 37. Kf2 Kg5 38. Ke1 Nc3 39. Kd2 Kxh5
40. Kc1 Kg4 41. Kd2 Kf3 42. Kc1 Kxe3 43. Kb2 d2 44. Ka1 d1=Q+ 45. Kb2 Qb1# {
TroadecMelusin est échec et mat} 0-1

[Event "Champ FRA - Under 12"]
[Site "Europe Echecs"]
[Date "2020.07.08"]
[Round "1"]
[White "RelautPaul"]
[Black "DromardBenjami"]
[Result "0-1"]
[WhiteElo "999"]
[BlackElo "1250"]
[PlyCount "24"]
[EventDate "2020.??.??"]

1. c4 e5 2. d3 Nf6 3. Nf3 Nc6 4. Nfd2 d5 5. cxd5 Nxd5 6. e4 Ndb4 7. a3 Nxd3+ 8.
Ke2 Nf4+ 9. Ke3 Bc5+ 10. Kf3 Nd4+ 11. Kg3 Qg5+ 12. Qg4 Qxg4# {RelautPaul est
échec et mat} 0-1

[Event "Champ FRA - Under 12"]
[Site "Europe Echecs"]
[Date "2020.07.08"]
[Round "1"]
[White "YuMatthieu"]
[Black "SicartAugustin"]
[Result "1-0"]
[WhiteElo "1250"]
[BlackElo "999"]
[PlyCount "47"]
[EventDate "2020.??.??"]

1. d4 e6 2. c4 d5 3. Nf3 Nf6 4. Qa4+ Bd7 5. Qb3 Nc6 6. Nc3 Qe7 7. cxd5 exd5 8.
Nxd5 Nxd5 9. Qxd5 Nb4 10. Qb3 Na6 11. Qxb7 Rd8 12. Qxa6 Qe6 13. Qxe6+ Bxe6 14.
Bf4 Rxd4 15. Nxd4 Bc4 16. b3 Bb4+ 17. Bd2 a5 18. Bxb4 axb4 19. bxc4 O-O 20.
O-O-O Re8 21. e3 Re7 22. Nc6 Rd7 23. Rxd7 Kf8 24. Rd8# {SicartAugustin est
échec et mat} 1-0

[Event "Champ FRA - Under 12"]
[Site "Europe Echecs"]
[Date "2020.07.08"]
[Round "1"]
[White "SubkhanberdinJ"]
[Black "ZejliMehdi"]
[Result "0-1"]
[WhiteElo "999"]
[BlackElo "1241"]
[PlyCount "50"]
[EventDate "2020.??.??"]

1. e4 e6 2. d4 d5 3. Nc3 Nf6 4. Bg5 Be7 5. e5 Nfd7 6. Nf3 Bxg5 7. Bb5 Be7 8.
Qd3 a6 9. Bxd7+ Bxd7 10. O-O-O O-O 11. h4 c5 12. Ng5 Bxg5+ 13. hxg5 Qxg5+ 14.
f4 Qxf4+ 15. Rd2 h6 16. Ne2 Qf5 17. Qg3 Qg6 18. Qh4 cxd4 19. Nf4 Qg5 20. Qf2 f6
21. Rh5 Qg4 22. Rxd4 fxe5 23. Rh4 Qg5 24. Rd3 exf4 25. g3 fxg3+ {
SubkhanberdinJ a abandonné} 0-1

[Event "Champ FRA - Under 12"]
[Site "Europe Echecs"]
[Date "2020.07.08"]
[Round "1"]
[White "BonfilsDussaux"]
[Black "VandenbusscheT"]
[Result "1-0"]
[WhiteElo "1240"]
[BlackElo "999"]
[PlyCount "83"]
[EventDate "2020.??.??"]

1. d4 d5 2. c4 dxc4 3. e3 Nf6 4. Bxc4 Bg4 5. Be2 Bxe2 6. Nxe2 e6 7. O-O Bb4 8.
Bd2 Bxd2 9. Qxd2 O-O 10. Nbc3 Nc6 11. a3 e5 12. d5 Ne7 13. e4 c6 14. Rfd1 cxd5
15. Nxd5 Nfxd5 16. exd5 Qd7 17. Nc3 Rad8 18. Qe3 Qd6 19. Qxa7 Nxd5 20. Rxd5 Qa6
21. Qxa6 bxa6 22. Rad1 Rxd5 23. Rxd5 e4 24. Nxe4 h6 25. h4 Re8 26. f3 g6 27.
Nf6+ Kf8 28. Nxe8 Kxe8 29. Kf2 Ke7 30. Ke3 Ke6 31. Kd4 f5 32. g4 fxg4 33. fxg4
h5 34. g5 Ke7 35. Ra5 Kd6 36. Rxa6+ Kd7 37. Kd5 Kc7 38. Rxg6 Kd7 39. Rg7+ Ke8
40. Ke6 Kf8 41. Rb7 Ke8 42. Rb8# {VandenbusscheT est échec et mat} 1-0

[Event "Champ FRA - Under 12"]
[Site "Europe Echecs"]
[Date "2020.07.08"]
[Round "1"]
[White "DuportailIdris"]
[Black "GuerinSasha"]
[Result "0-1"]
[WhiteElo "960"]
[BlackElo "1236"]
[PlyCount "74"]
[EventDate "2020.??.??"]

1. e4 e6 2. Nf3 d5 3. exd5 exd5 4. Nc3 Nf6 5. d4 Be7 6. Bf4 O-O 7. Bb5 c6 8.
Ba4 Nbd7 9. Qd3 Nb6 10. Ng5 g6 11. Bb3 Bf5 12. Qg3 Nh5 13. Qf3 Bxg5 14. g4 Be4
15. Nxe4 dxe4 16. Qxe4 Re8 17. Be5 Nf6 18. Bxf6 Rxe4+ 19. Kd1 Bxf6 20. f3 Rxd4+
21. Ke1 Bh4+ 22. Ke2 Qe7+ 23. Kf1 Qf6 24. Kg2 Nd5 25. Bxd5 cxd5 26. Rae1 Rd2+
27. Kh3 Rd4 28. c3 Rd3 29. Ref1 g5 30. Rhg1 Rxf3+ 31. Kg2 Rxf1 32. Rxf1 Qe6 33.
h3 Qe2+ 34. Kg1 Re8 35. Rf6 Re3 36. b3 Rg3+ 37. Kh1 Qg2# {DuportailIdris est
échec et mat} 0-1

[Event "Champ FRA - Under 12"]
[Site "Europe Echecs"]
[Date "2020.07.08"]
[Round "1"]
[White "MorinRocheHugo"]
[Black "AllainGaston"]
[Result "1-0"]
[WhiteElo "1231"]
[BlackElo "799"]
[PlyCount "71"]
[EventDate "2020.??.??"]

1. e4 c5 2. Nf3 Nc6 3. d4 cxd4 4. Nxd4 g6 5. Nxc6 bxc6 6. Nc3 Bg7 7. Bd2 Nf6 8.
Bd3 O-O 9. O-O d5 10. exd5 cxd5 11. Re1 Qc7 12. Bg5 Ng4 13. g3 Qb6 14. Qd2 Qxb2
15. Nxd5 Bf5 16. Nxe7+ Kh8 17. Nxf5 gxf5 18. Bxf5 Rad8 19. Qf4 Rfe8 20. Bxd8
Rxe1+ 21. Rxe1 Nh6 22. Re8+ Ng8 23. Qh4 h6 24. Ba5 Qxa2 25. Qd8 Qb1+ 26. Kg2
Qb7+ 27. Be4 Qxe4+ 28. Rxe4 Be5 29. Rxe5 f6 30. Bc3 fxe5 31. Bxe5+ Kh7 32. Qd7+
Kg6 33. Qg7+ Kh5 34. Qxg8 a5 35. g4+ Kh4 36. Bf6# {AllainGaston est échec et
mat} 1-0

[Event "Champ FRA - Under 12"]
[Site "Europe Echecs"]
[Date "2020.07.08"]
[Round "1"]
[White "BaronSacha"]
[Black "GresserHugo"]
[Result "0-1"]
[WhiteElo "799"]
[BlackElo "1230"]
[PlyCount "88"]
[EventDate "2020.??.??"]

1. e4 d5 2. exd5 Nf6 3. Nc3 Bg4 4. f3 Bf5 5. Bc4 e6 6. dxe6 fxe6 7. b3 Bc5 8.
Bb2 Nc6 9. Nge2 Qd6 10. g4 Bg6 11. Ne4 Nxe4 12. Bxg7 Rg8 13. fxe4 Rxg7 14. Nc3
O-O-O 15. Qe2 Nd4 16. Qd3 Qf4 17. O-O-O Nxb3+ 18. axb3 Rxd3 19. Bxd3 c6 20. Bc4
Bf7 21. Rhf1 Qxg4 22. Rxf7 Rxf7 23. Rh1 Qg2 24. Re1 Rg7 25. Bxe6+ Kc7 26. e5
Qxh2 27. Nd5+ cxd5 28. c4 Rg1 29. Rxg1 Qxg1+ 30. Kc2 dxc4 31. bxc4 Bb4 32. Bc8
Kxc8 33. e6 Qe1 34. Kb3 Qxd2 35. e7 Qc3+ 36. Ka2 Qa3+ 37. Kb1 Bxe7 38. c5 Bxc5
39. Kc2 h5 40. Kd2 h4 41. Ke1 Qb2 42. Kf1 h3 43. Ke1 h2 44. Kd1 h1=Q# {
BaronSacha est échec et mat} 0-1

[Event "Champ FRA - Under 12"]
[Site "Europe Echecs"]
[Date "2020.07.08"]
[Round "1"]
[White "BillmannAlexan"]
[Black "TureshbayevAno"]
[Result "0-1"]
[WhiteElo "1229"]
[BlackElo "799"]
[PlyCount "52"]
[EventDate "2020.??.??"]

1. d4 d5 2. c4 e5 3. dxe5 d4 4. Nf3 Nc6 5. Bf4 Nge7 6. e3 Ng6 7. Bg3 Bb4+ 8.
Nbd2 Bg4 9. Be2 d3 10. Bf1 Ncxe5 11. Qa4+ Nc6 12. h3 Bxf3 13. gxf3 O-O 14. a3
Bd6 15. Bxd6 Qxd6 16. f4 Rfe8 17. Bg2 Nxf4 18. Bxc6 bxc6 19. c5 Qd5 20. Rg1 Ng6
21. Qa5 Qh5 22. Kf1 Qe2+ 23. Kg2 Nh4+ 24. Kh1 Qxf2 25. Qc3 g6 26. Nf1 Qf3+ {
BillmannAlexan a perdu au temps} 0-1

[Event "Champ FRA - Under 12"]
[Site "Europe Echecs"]
[Date "2020.07.08"]
[Round "2"]
[White "BiardNoah"]
[Black "MateriaMarco"]
[Result "0-1"]
[WhiteElo "1339"]
[BlackElo "2269"]
[PlyCount "70"]
[EventDate "2020.??.??"]

1. e4 c5 2. Nf3 e6 3. d4 cxd4 4. Nxd4 Nc6 5. Be3 Qc7 6. Nc3 a6 7. Be2 Nf6 8.
O-O Bb4 9. Nb1 O-O 10. c3 Bd6 11. f4 Nxe4 12. Bd3 Nf6 13. Qf3 Nxd4 14. Bxd4 Bc5
15. Bxc5 Qxc5+ 16. Kh1 d5 17. Nd2 Bd7 18. Nb3 Qb6 19. Nd4 Bb5 20. Bxb5 axb5 21.
Qe2 b4 22. Rfb1 Ne4 23. Qe3 bxc3 24. bxc3 Rxa2 25. h3 Rxa1 26. Rxa1 Rc8 27. c4
Qb2 28. Ra7 Qb1+ 29. Kh2 dxc4 30. Ra3 g6 31. Ne2 b5 32. Nd4 b4 33. Ra4 Qd3 34.
Qc1 Qxd4 35. Rxb4 Qc5 {BiardNoah a perdu au temps} 0-1

[Event "Champ FRA - Under 12"]
[Site "Europe Echecs"]
[Date "2020.07.08"]
[Round "2"]
[White "KuhnClement"]
[Black "LorhoJade"]
[Result "1-0"]
[WhiteElo "2150"]
[BlackElo "1335"]
[PlyCount "75"]
[EventDate "2020.??.??"]

1. e4 e5 2. Nf3 Nc6 3. Bb5 Bc5 4. O-O Nf6 5. Re1 O-O 6. c3 d6 7. h3 Ne7 8. d3
Ng6 9. Nbd2 c6 10. Ba4 Re8 11. Nf1 d5 12. exd5 Nxd5 13. Ng3 Bd7 14. Bc2 Qb6 15.
Ne4 Rad8 16. Nxc5 Qxc5 17. d4 exd4 18. Rxe8+ Rxe8 19. Nxd4 Qb6 20. Rb1 a6 21.
Bd2 Qc7 22. Qf3 Nf6 23. Bg5 Nd5 24. Bb3 Qd6 25. Rd1 Be6 26. Nxe6 fxe6 27. c4
Rf8 28. Qg4 Ne5 29. Qg3 Qc5 30. cxd5 Ng6 31. dxe6 b5 32. e7+ Kh8 33. exf8=Q+
Qxf8 34. Rd8 Qxd8 35. Bxd8 h6 36. Qb8 Kh7 37. Bf6 gxf6 38. Qg8# {LorhoJade est
échec et mat} 1-0

[Event "Champ FRA - Under 12"]
[Site "Europe Echecs"]
[Date "2020.07.08"]
[Round "2"]
[White "GuertonDimitri"]
[Black "BreuilTristan"]
[Result "0-1"]
[WhiteElo "1334"]
[BlackElo "1898"]
[PlyCount "40"]
[EventDate "2020.??.??"]

1. e4 Nf6 2. e5 Nd5 3. Bc4 e6 4. Bxd5 exd5 5. d4 d6 6. Nf3 Nc6 7. exd6 Bxd6 8.
Nc3 O-O 9. O-O Bg4 10. h3 Bxf3 11. Qxf3 Nxd4 12. Qd3 Qh4 13. Nxd5 Rfe8 14. c3
Ne2+ 15. Kh1 Nxc1 16. Raxc1 Rad8 17. Qd4 Re4 18. Qd3 c6 19. Ne3 Qf4 20. Rcd1
Qh2# {GuertonDimitri est échec et mat} 0-1

[Event "Champ FRA - Under 12"]
[Site "Europe Echecs"]
[Date "2020.07.08"]
[Round "2"]
[White "ValleeLouis"]
[Black "PoulainEmilien"]
[Result "1-0"]
[WhiteElo "1864"]
[BlackElo "1322"]
[PlyCount "67"]
[EventDate "2020.??.??"]

1. d4 d6 2. c4 Nf6 3. Nc3 g6 4. e4 Bg7 5. Nf3 O-O 6. h3 c5 7. d5 Nbd7 8. Be2
Nb6 9. Be3 Nfd7 10. Qc2 a6 11. g4 Ne5 12. Nxe5 Bxe5 13. O-O-O Bd7 14. f4 Bxc3
15. Qxc3 Na4 16. Qc2 b5 17. f5 bxc4 18. Bxc4 Rb8 19. b3 Nb6 20. Bh6 Re8 21.
fxg6 hxg6 22. Qc3 f6 23. Bd3 g5 24. h4 Bxg4 25. Rdg1 Qd7 26. hxg5 Kf7 27. Rh4
Nxd5 28. exd5 Bf5 29. gxf6 Bxd3 30. Rg7+ Kf8 31. Rxe7+ Kg8 32. Rxd7 Rbd8 33.
f7+ Kh7 34. Qg7# {PoulainEmilien est échec et mat} 1-0

[Event "Champ FRA - Under 12"]
[Site "Europe Echecs"]
[Date "2020.07.08"]
[Round "2"]
[White "GeronimiJeanTh"]
[Black "SanguinettiEdo"]
[Result "1-0"]
[WhiteElo "1827"]
[BlackElo "1312"]
[PlyCount "65"]
[EventDate "2020.??.??"]

1. e4 e6 2. d4 d5 3. e5 c5 4. c3 Nc6 5. Nf3 Nh6 6. Bxh6 gxh6 7. Be2 cxd4 8.
cxd4 Qb6 9. Qd2 Bd7 10. O-O Bg7 11. Nc3 O-O 12. Na4 Qb4 13. Qxb4 Nxb4 14. Nc5
Bc6 15. a3 Na6 16. Bxa6 bxa6 17. Nxa6 Bb5 18. Nc7 Bxf1 19. Nxa8 Bxg2 20. Kxg2
Rxa8 21. b4 Rb8 22. Rc1 Rb7 23. Rc8+ Bf8 24. Nd2 Kg7 25. Nb3 Be7 26. Nc5 Bxc5
27. dxc5 a5 28. c6 Ra7 29. c7 axb4 30. axb4 Rb7 31. Rg8+ Kxg8 32. c8=Q+ Kg7 33.
Qxb7 {SanguinettiEdo a abandonné} 1-0

[Event "Champ FRA - Under 12"]
[Site "Europe Echecs"]
[Date "2020.07.08"]
[Round "2"]
[White "ReymannNathan"]
[Black "TrevisiolAntoi"]
[Result "0-1"]
[WhiteElo "1330"]
[BlackElo "1788"]
[PlyCount "82"]
[EventDate "2020.??.??"]

1. e4 e6 2. d4 d5 3. Nc3 Bb4 4. exd5 exd5 5. Bd2 Bf5 6. Nf3 Nf6 7. Be2 O-O 8.
O-O Nc6 9. Bb5 Qd6 10. a3 Bxc3 11. Bxc3 Ne4 12. Bd2 Rfe8 13. h3 Re6 14. Kh1
Rae8 15. Ne5 a6 16. Bxc6 bxc6 17. Bf4 f6 18. Nd3 Qe7 19. c3 c5 20. dxc5 Nxc5
21. Nxc5 Qxc5 22. Be3 Qc6 23. Bd4 Qd6 24. b4 Re2 25. Qb3 Bc2 26. Qb2 Bd3 27.
Qb3 Bc4 28. Qd1 Qe6 29. Be3 Rxe3 30. fxe3 Bxf1 31. Qxf1 Qxe3 32. Qxa6 Qxc3 33.
Qf1 d4 34. Rd1 Kf7 35. Qf2 d3 36. Qg3 Rd8 37. Kg1 Qc2 38. Qe1 d2 39. Qf1 Re8
40. Kh1 Qxd1 41. Qxd1 Re1+ {ReymannNathan a abandonné} 0-1

[Event "Champ FRA - Under 12"]
[Site "Europe Echecs"]
[Date "2020.07.08"]
[Round "2"]
[White "VuDinhAdrien"]
[Black "LeroySerge"]
[Result "1-0"]
[WhiteElo "1740"]
[BlackElo "1291"]
[PlyCount "93"]
[EventDate "2020.??.??"]

1. e4 e6 2. d4 d5 3. e5 c5 4. c3 Nc6 5. Nf3 Bd7 6. Bd3 cxd4 7. cxd4 Qb6 8. O-O
Nxd4 9. Nxd4 Qxd4 10. Nc3 Qb6 11. Qe2 Bb4 12. Kh1 Bxc3 13. bxc3 Ne7 14. Rb1 Qc7
15. Ba3 Bc6 16. f4 O-O 17. Qh5 g6 18. Qh4 Rfe8 19. Rf3 Nf5 20. Bxf5 exf5 21.
Qh6 f6 22. exf6 Qf7 23. Be7 d4 24. Rh3 dxc3 25. Rxc3 Rac8 26. Rbc1 a6 27. Rg3
Bxg2+ 28. Kxg2 Rxc1 29. Kh3 Rc2 30. a4 Ra2 31. Kh4 Rxh2+ 32. Rh3 Rg2 33. Rc3
Rg4+ 34. Kh3 b5 35. axb5 axb5 36. Bd6 Qxf6 37. Be5 Qf8 38. Qxf8+ Kxf8 39. Rc7
Re7 40. Bd6 b4 41. Bxe7+ Kg8 42. Bd6 b3 43. Rb7 Rg1 44. Rxb3 Kg7 45. Rb7+ Kh6
46. Bf8+ Kh5 47. Rxh7# {LeroySerge est échec et mat} 1-0

[Event "Champ FRA - Under 12"]
[Site "Europe Echecs"]
[Date "2020.07.08"]
[Round "2"]
[White "LedouxHugo"]
[Black "LissillourBapt"]
[Result "0-1"]
[WhiteElo "1322"]
[BlackElo "1731"]
[PlyCount "98"]
[EventDate "2020.??.??"]

1. d4 Nf6 2. Nf3 g6 3. e3 Bg7 4. Be2 O-O 5. Kf1 c5 6. c4 cxd4 7. exd4 d5 8. Nc3
Nc6 9. Be3 Be6 10. Ne5 dxc4 11. h4 Nd5 12. Nxd5 Nxe5 13. dxe5 Qxd5 14. Qxd5
Bxd5 15. Rd1 e6 16. f4 Rfd8 17. Kf2 Bf8 18. a3 Rac8 19. Bd4 b6 20. h5 Be4 21.
g4 Rxd4 22. Rxd4 Bc5 23. Rhd1 Bd3 24. Ke3 Bxd4+ 25. Kxd4 Bxe2 26. Rg1 Kf8 27.
hxg6 hxg6 28. g5 Bd3 29. b3 b5 30. Rh1 Kg7 31. bxc4 bxc4 32. Kc3 Bf5 33. Rd1
Rh8 34. Kb4 Rc8 35. Kc3 Be4 36. Rd4 Bd5 37. a4 Rh8 38. a5 Rh3+ 39. Kd2 Rd3+ 40.
Rxd3 cxd3 41. Kxd3 Kf8 42. Kd4 a6 43. Kc5 Ke7 44. Kb6 Bc4 45. Kc5 Bf1 46. Kb6
Kd7 47. Kc5 Kc7 48. Kb4 Kc6 49. Kc3 Kd5 {LedouxHugo a abandonné} 0-1

[Event "Champ FRA - Under 12"]
[Site "Europe Echecs"]
[Date "2020.07.08"]
[Round "2"]
[White "LeVenTelo"]
[Black "VarinTimeo"]
[Result "0-1"]
[WhiteElo "1720"]
[BlackElo "1287"]
[PlyCount "64"]
[EventDate "2020.??.??"]

1. e4 e5 2. Nf3 Nc6 3. Bc4 Nf6 4. Ng5 d5 5. exd5 Na5 6. Bb5+ c6 7. dxc6 bxc6 8.
Be2 h6 9. Nf3 e4 10. Ng1 Bc5 11. d3 Qb6 12. Be3 Bxe3 13. fxe3 Qxe3 14. Qd2
Qxd2+ 15. Nxd2 exd3 16. Bxd3 O-O 17. Ngf3 Re8+ 18. Be2 Ba6 19. Ng1 Nd5 20. b3
Nc3 21. Nc4 Nxc4 22. bxc4 Bxc4 23. Kd2 Nxe2 24. Nxe2 Rxe2+ 25. Kc3 Bb5 26. a4
Ba6 27. g3 Rd8 28. Rad1 Re3+ 29. Kb2 Rb8+ 30. Ka2 Re4 31. Ka3 Re3+ 32. Ka2 Bc4+
{LeVenTelo a abandonné} 0-1

[Event "Champ FRA - Under 12"]
[Site "Europe Echecs"]
[Date "2020.07.08"]
[Round "2"]
[White "ParalieuEmma"]
[Black "GardeGuillaume"]
[Result "0-1"]
[WhiteElo "1312"]
[BlackElo "1716"]
[PlyCount "88"]
[EventDate "2020.??.??"]

1. e4 e6 2. d4 d5 3. exd5 exd5 4. Bd3 Nc6 5. Nf3 Bd6 6. Bg5 Nge7 7. Nbd2 h6 8.
Bh4 f5 9. h3 Be6 10. Qe2 Qd7 11. c3 O-O-O 12. O-O-O g5 13. Bg3 f4 14. Bh2 Nf5
15. Rde1 Rde8 16. Qd1 Nd8 17. Nb3 Kb8 18. Qc2 Rhf8 19. Re2 b6 20. Rhe1 Re7 21.
Ne5 Bxe5 22. Rxe5 Nc6 23. R5e2 Nh4 24. f3 Bf5 25. Rxe7 Nxe7 26. Bxf5 Nexf5 27.
Qf2 Re8 28. Rf1 Ne3 29. Rg1 Ng6 30. g3 Qxh3 31. gxf4 Nxf4 32. Bxf4 gxf4 33. Nd2
Qf5 34. Nb1 Qh7 35. Na3 Re7 36. Qh4 Qf7 37. Qxh6 Kb7 38. Qh4 Re6 39. Qd8 Rd6
40. Qh4 Rg6 41. Re1 Rg2 42. Rh1 Qg6 43. Qh3 Rc2+ 44. Kb1 Rh2+ {ParalieuEmma a
perdu au temps} 0-1

[Event "Champ FRA - Under 12"]
[Site "Europe Echecs"]
[Date "2020.07.08"]
[Round "2"]
[White "DeladerriereAp"]
[Black "LangerKarele"]
[Result "1-0"]
[WhiteElo "1702"]
[BlackElo "1282"]
[PlyCount "65"]
[EventDate "2020.??.??"]

1. e4 c5 2. Nf3 e6 3. d4 cxd4 4. Nxd4 d6 5. Nc3 Nf6 6. g3 Nc6 7. Bg2 Bd7 8. O-O
Be7 9. Be3 O-O 10. g4 Nxd4 11. Bxd4 e5 12. Be3 Bxg4 13. f3 Bd7 14. f4 exf4 15.
Bxf4 Qb6+ 16. Kh1 Qxb2 17. Nd5 Nxd5 18. Qxd5 Qxc2 19. Qxb7 Rab8 20. Qxd7 Rb2
21. Rg1 Bf6 22. Qxa7 Rfb8 23. Raf1 h6 24. Bxd6 Rd8 25. e5 Rxa2 26. Qc7 Qxc7 27.
Bxc7 Rc8 28. exf6 Rxc7 29. fxg7 Kxg7 30. Bd5+ Kf8 31. Bxa2 Rc2 32. Rxf7+ Ke8
33. Rg8# {LangerKarele est échec et mat} 1-0